Every City and Town in Albania on a Map - Statistics

General Stats
  • This quiz has been taken 52 times
  • The average score is 25 of 65
Answers on the Map
Answers color-coded by a green-red scale on the quiz's map according to % correct below.
 
Answer Stats
County Population City % Correct
Tirana 895 160 Tirana
97%
Durrës 205 849 Durrës
94%
Vlorë 189 311 Vlorë
92%
Shkodër 154 612 Shkodër
89%
Elbasan 141 714 Elbasan
86%
Vlorë 14 500 Sarandë
81%
Fier 120 655 Fier
78%
Berat 69 000 Berat
75%
Korçë 86 176 Korçë
75%
Kukës 25 000 Kukës
75%
Korçë 38 500 Pogradec
72%
Gjirokastër 22 800 Gjirokastër
69%
Lezhë 27 085 Lezhë
69%
Durrës 20 400 Krujë
61%
Durrës 9 600 Fushë-Krujë
50%
Tirana 9 300 Kamëz
50%
Tirana 30 000 Kavajë
44%
Fier 54 813 Lushnjë
44%
Gjirokastër 11 300 Tepelena
44%
Dibra 14 100 Peshkopi
42%
Lezhë 2 500 Shëngjin
42%
Kukës 7 500 Bajram Curri
39%
Vlorë 4 500 Himarë
39%
Vlorë 4 200 Delvinë
36%
Elbasan 10 400 Gramsh
36%
Gjirokastër 9 800 Përmet
36%
Vlorë 1 500 Konispol
33%
Lezhë 30 000 Laç
33%
Shkodër 6 000 Pukë
33%
Durrës 12 800 Shijak
33%
Dibra 13 900 Burrel
31%
Berat 18 000 Kuçovë
31%
Elbasan 11 500 Librazhd
31%
Fier 23 182 Patos
31%
Tirana 4 200 Vorë
31%
Korçë 7 500 Ersekë
28%
Korçë 3 800 Maliq
28%
Vlorë 2 600 Orikum
28%
Berat 10 200 Poliçan
28%
Korçë 6 700 Bilisht
25%
Dibra 10 000 Bulqizë
25%
Elbasan 13 200 Cërrik
25%
Berat 13 200 Çorovodë
25%
Fier 7 069 Divjakë
25%
Korçë 1 800 Leskovik
25%
Elbasan 7 200 Peqin
25%
Tirana 5 200 Rrogozhinë
25%
Berat 4 700 Ura Vajgurore
25%
Shkodër 2 500 Fushë-Arrëz
22%
Gjirokastër 6 200 Këlcyrë
22%
Gjirokastër 5 300 Memaliaj
22%
Vlorë 6 900 Selenicë
22%
Fier 9 100 Ballsh
19%
Tirana 1 100 Kërrabë
19%
Lezhë 9 200 Rrëshen
19%
Lezhë 2 400 Rubik
19%
Shkodër 4 100 Koplik
17%
Gjirokastër 2 600 Libohovë
17%
Lezhë 7 600 Mamurras
17%
Lezhë 2 000 Milot
17%
Elbasan 3 800 Përrenjas
17%
Fier 6 400 Roskovec
17%
Dibra 1 200 Krastë
11%
Kukës 3 200 Krumë
11%
Elbasan 3 500 Shtërmen
3%
No matching quizzes found
Score Distribution
Percent of People with Each Score
Percentile by Number Answered
Your Score History
You have not taken this quiz